书目信息 |
| 题名: |
玩透巴黎
|
|
| 作者: | 姚筱涵 著 | |
| 分册: | ||
| 出版信息: | 北京 电子工业出版社 2014 .8 |
|
| 页数: | 285页 | |
| 开本: | 21cm | |
| 丛书名: | ||
| 单 册: | ||
| 中图分类: | K956.59 | |
| 科图分类: | ||
| 主题词: | 旅游指南--巴黎 | |
| 电子资源: | ||
| ISBN: | 978-7-121-23387-6 | |
| 000 | 00955nam0 2200289 450 | |
| 001 | 790 | |
| 001 | 01CN10577947@CSLN | |
| 005 | 20160908145748.07 | |
| 010 | @a978-7-121-23387-6@dCNY49.80 | |
| 090 | @aK956.5@byxh | |
| 096 | @aK956.5@byxh | |
| 100 | @a20020101d em y0chiy0120 ea | |
| 101 | 0 | @achi |
| 102 | @aCN@b110000 | |
| 105 | @aa z 000yy | |
| 200 | 1 | @a玩透巴黎@9wan tou ba li@b专著@dParis@f姚筱涵著@zeng |
| 210 | @a北京@c电子工业出版社@d2014 .8 | |
| 215 | @a285页@c彩图@d21cm | |
| 300 | @a达人旅行手册 最新版 | |
| 305 | @a台湾太雅出版有限公司授权出版 | |
| 330 | @a本书简明扼要地阐述了巴黎的地理环境、政治经济、历史变革、文化艺术,以大量富有艺术感染力的彩色照片,生动形象地展示了巴黎最具特色的名胜古迹、风土人情和自然风光。 | |
| 510 | 1 | @aParis@zeng |
| 606 | 0 | @a旅游指南@y巴黎 |
| 690 | @aK956.59@v5 | |
| 701 | 0 | @a姚筱涵@9yao xiao han@f(1983~)@4著 |
| 801 | 0 | @aCN@b唐山师范学院图书馆@c20160723 |
| 905 | @aZUCC@dK956.59@e362 | |
| 玩透巴黎=Paris/姚筱涵著.-北京:电子工业出版社,2014 .8 |
| 285页:彩图;21cm |
| 达人旅行手册 最新版 |
| ISBN 978-7-121-23387-6:CNY49.80 |
| 本书简明扼要地阐述了巴黎的地理环境、政治经济、历史变革、文化艺术,以大量富有艺术感染力的彩色照片,生动形象地展示了巴黎最具特色的名胜古迹、风土人情和自然风光。 |
| ● |
| 相关链接 |
|
|
|
|
正题名:玩透巴黎
索取号:K956.59/362
 
预约/预借
| 序号 | 登录号 | 条形码 | 馆藏地/架位号 | 状态 | 备注 |
| 1 | 903465 | 209034659 | 第二样本阅览室/ [索取号:K956.59/362] | 在馆 | |
| 2 | 903466 | 209034668 | 第二借阅区/ [索取号:K956.59/362] | 在馆 | |
| 3 | 903467 | 209034677 | 第二借阅区/ [索取号:K956.59/362] | 在馆 | |
| 4 | 903468 | 209034686 | 第二借阅区/ [索取号:K956.59/362] | 在馆 | |
| 5 | 903469 | 209034695 | 第二借阅区/ [索取号:K956.59/362] | 在馆 |